01403nam a2200361 i 450000100060000000300080000600500170001400600190003100700150005000800410006502000260010603500220013204000310015405000210018508000160020608200140022210000470023624500870028326400690037026400110043930000410045033600310049133700330052233800430055549000180059858800830061659001620069965000330086165000400089465500270093485600630096199900170102467162FINmELB20241217142802.0m o d | cr cnu||||||||221030s2019 sp o 000 0 spa d a9788490748473qe-book a(OCoLC)1348613610 aFINmELBbspaerdacFINmELB 4aR726b.V378 2019 a179.7:343.604a179.72231 aVaquero Sánchez, José María,eautor.10aEutanasia :bde la buena muerte y sus aristas /cJosé María Vaquero Sánchez. 1aLa Poveda (Arganda del Rey), Madrid :bEditorial Verbum,c[2019] 4c©2019 a1 recurso en línea (167 páginas) atextobtxt2rdacontent/spa acomputadorabc2rdamedia/spa arecurso en líneabcr2rdacarrier/spa0 aEnsayo Verbum aDescripción basada en metadatos suministrados por el editor y otras fuentes. aRecurso electrónico. Santa Fe, Arg.: elibro, 2022. Disponible vía World Wide Web. El acceso puede estar limitado para las bibliotecas afiliadas a elibro. 4aEutanasiaxAspectos morales. 4aEutanasiaxDerecho y legislación. 4aLibros electrónicos.40uhttps://elibro.net/ereader/politecnicointernacional/217245 c67162d67162